Numbers in French (1-100 and more) - Statistics

General Stats
  • This quiz has been taken 109 times
  • The average score is 66 of 100
Answer Stats
Number Nombre % Correct
1 un
100%
2 deux
98%
3 trois
98%
4 quatre
96%
5 cinq
94%
10 dix
94%
9 neuf
94%
7 sept
94%
6 six
94%
8 huit
92%
11 onze
90%
20 vingt
90%
18 dix-huit
88%
17 dix-sept
88%
21 vingt-et-un
88%
19 dix-neuf
86%
12 douze
86%
22 vingt-deux
86%
23 vingt-trois
86%
13 treize
84%
14 quatorze
82%
16 seize
82%
30 trente
82%
25 vingt-cinq
82%
29 vingt-neuf
82%
24 vingt-quatre
82%
15 quinze
80%
28 vingt-huit
80%
27 vingt-sept
80%
26 vingt-six
80%
32 trente-deux
78%
31 trente-et-un
78%
33 trente-trois
78%
40 quarante
76%
35 trente-cinq
76%
38 trente-huit
76%
39 trente-neuf
76%
34 trente-quatre
76%
37 trente-sept
76%
36 trente-six
76%
50 cinquante
74%
45 quarante-cinq
70%
47 quarante-sept
70%
42 quarante-deux
68%
41 quarante-et-un
68%
48 quarante-huit
68%
49 quarante-neuf
68%
46 quarante-six
68%
43 quarante-trois
68%
60 soixante
68%
51 cinquante-et-un
66%
44 quarante-quatre
66%
52 cinquante-deux
64%
53 cinquante-trois
64%
55 cinquante-cinq
60%
59 cinquante-neuf
60%
54 cinquante-quatre
60%
57 cinquante-sept
60%
70 soixante-dix
60%
61 soixante-et-un
60%
58 cinquante-huit
58%
56 cinquante-six
58%
80 quatre-vingts
56%
65 soixante-cinq
56%
62 soixante-deux
56%
69 soixante-neuf
56%
67 soixante-sept
56%
66 soixante-six
56%
63 soixante-trois
56%
68 soixante-huit
54%
64 soixante-quatre
54%
90 quatre-vingt-dix
52%
100 cent
50%
71 soixante-onze
50%
82 quatre-vingt-deux
48%
81 quatre-vingt-un
48%
72 soixante-douze
48%
75 soixante-quinze
48%
76 soixante-seize
48%
73 soixante-treize
48%
85 quatre-vingt-cinq
46%
88 quatre-vingt-huit
46%
84 quatre-vingt-quatre
46%
87 quatre-vingt-sept
46%
86 quatre-vingt-six
46%
83 quatre-vingt-trois
46%
78 soixante-dix-huit
46%
79 soixante-dix-neuf
46%
74 soixante-quatorze
46%
89 quatre-vingt-neuf
44%
77 soixante-dix-sept
44%
92 quatre-vingt-douze
40%
91 quatre-vingt-onze
40%
99 quatre-vingt-dix-neuf
38%
93 quatre-vingt-treize
38%
98 quatre-vingt-dix-huit
34%
97 quatre-vingt-dix-sept
34%
94 quatre-vingt-quatorze
34%
95 quatre-vingt-quinze
34%
96 quatre-vingt-seize
34%
No matching quizzes found
Score Distribution
Percent of People with Each Score
Percentile by Number Answered
Your Score History
You have not taken this quiz